LIBRARY & INFORMATION CENTRE, KCAET, TAVANUR

ONLINE PUBLIC ACCESS CATALOGUE (OPAC)

Madanasena (Record no. 435)

MARC details
000 -LEADER
fixed length control field 00312cam a2200145ua 4500
041 ## - LANGUAGE CODE
Language code of text/sound track or separate title mal
082 ## - DEWEY DECIMAL CLASSIFICATION NUMBER
Classification number 894.812308
Item number NAR/MA
100 ## - MAIN ENTRY--AUTHOR NAME
Personal name Narayanapillai, M R .
245 ## - TITLE STATEMENT
Title Madanasena
260 ## - PUBLICATION, DISTRIBUTION, ETC. (IMPRINT)
Place of publication Calicut :
Name of publisher P.K brothers ,
Year of publication 1961.
300 ## - PHYSICAL DESCRIPTION
Number of Pages 338 ; .
942 ## - ADDED ENTRY ELEMENTS (KOHA)
Koha item type Books
Holdings
Withdrawn status Lost status Damaged status Home library Current library Date acquired Full call number Accession Number Koha item type
      KAUAET KAUAET 07/04/2012 894.812308 1437 Books
free website counter